Central Library OPAC University of Rajshahi

X-ray studies of materials / (Record no. 68276)

MARC details
000 -LEADER
fixed length control field 00889nam a2200265 a 4500
001 - CONTROL NUMBER
control field 68276
003 - CONTROL NUMBER IDENTIFIER
rucl marc code BD-RjUL
005 - DATE AND TIME OF LATEST TRANSACTION
control field 20211209081742.0
008 - FIXED-LENGTH DATA ELEMENTS--GENERAL INFORMATION
fixed length control field 831109s1963 nyua b 000 0 eng d
035 ## - SYSTEM CONTROL NUMBER
System control number (BD-RjUL)
040 ## - CATALOGING SOURCE
Original cataloging agency DLC/ICU
Transcribing agency ICU
Modifying agency DLC
-- BD-RjUL
Language of cataloging eng
041 ## - LANGUAGE CODE
Language code of text/sound track or separate title eng
082 00 - DEWEY DECIMAL CLASSIFICATION NUMBER
Classification number 537.5352
Edition number 23
Author mark and year GUX 1963
100 1# - MAIN ENTRY--PERSONAL NAME
Personal name Guinier, A.
9 (RLIN) 202420
245 10 - TITLE STATEMENT
Title X-ray studies of materials /
Statement of responsibility, etc. A. Guinier [and] D.L. Dexter.
260 ## - PUBLICATION, DISTRIBUTION, ETC. (IMPRINT)
Place of publication, distribution, etc. New York :
Name of publisher, distributor, etc. Interscience Publishers,
Date of publication, distribution, etc. 1963.
300 ## - PHYSICAL DESCRIPTION
Pagination ix, 156 p. :
Illustrations ill,
Size 21 cm.
490 1# - SERIES STATEMENT
Series statement Interscience tracts on physics and astronomy,
Volume/sequential designation 20
504 ## - BIBLIOGRAPHY, ETC. NOTE
Bibliography, etc Includes bibliographies and indexes
650 #0 - SUBJECT ADDED ENTRY--TOPICAL TERM
Topical term or geographic name as entry element X-ray spectroscopy.
9 (RLIN) 202421
700 1# - ADDED ENTRY--PERSONAL NAME
Personal name Dexter, D. L.
Fuller form of name (David Lawrence),
Relator term joint author.
830 #0 - SERIES ADDED ENTRY--UNIFORM TITLE
Uniform title Interscience tracts on physics and astronomy ;
Volume number/sequential designation 20.
942 ## - ADDED ENTRY ELEMENTS (KOHA)
Source of classification or shelving scheme Dewey Decimal Classification
Koha item type Books
Holdings
Lost status Source of classification or shelving scheme Damaged status Not for loan Collection code Permanent Location Current Location Shelving location Date acquired Source of acquisition Cost, normal purchase price Total Checkouts Full call number Date last seen Copy number Koha item type
  Dewey Decimal Classification   Not For Loan Non-fiction Central Library, University of Rajshahi Central Library, University of Rajshahi Reading Room 16/08/1967 Book Review E. P 40.00   537.5352 GUX 1963 01/04/2017 C-1 Books